000 03462nam a2200325 a 4500
001 000004040
003 DO-SdBNP
005 20221124081812.0
008 090716t2007 dr 001 p spa d
020 _a9789993442684
040 _aDO-SdBNP
_bspa
_cBPMSU
082 4 _aRD861.08
_bA634p 2006
_222
245 0 0 _aAntología poética del sur /
_ccompilación Juan B. Nina ; prólogo Odalís G. Pérez.
260 _aSanto Domingo :
_bDirección General de la Feria del Libro,
_c2007.
300 _a260 p. ;
_c23 cm.
490 0 _aEdiciones Ferilibro
_v107
500 _aIncluye datos biográficos del compilador en la solapa de cubierta
504 _aBibliografía : p. 251-260.
505 0 _gPresentación /
_rAlejandro Arvelo --
_rPrólogo:
_rOdalís G. Pérez --
_tNotas del autor /
_rJuan B. Nina --
_aSan Cristóbal :
_rOsvaldo Bazil --
_rTulio M. Cestero --
_rZacarías Espinal --
_rHéctor Díaz Polanco --
_rRamón Antonio Abad Méndez --
_rCándido Gerón Araújo --
_rOdalís G. Pérez Nina --
_rSócrates Barinas Coiscou --
_rAdán la Paix Valdez --
_rRamón A. Jaar Pérez --
_rDomingo Porfirio Rojas Nina --
_rDiógenes Nina --
_rAlejandro Solano --
_rOrlando Suriel (Sueko) --
_rMario Read Vittini --
_rGuaroa Ubiñas Renville --
_rBlanca Kais Barinas
_rMarcial Báez --
_rMaría Victoria Carreño Montás --
_rDaniel Martich --
_rAna Romero Franco --
_rAníbal Montaño --
_rNinoska Martínez --
_rJosé Calderón --
_rMartín Santos --
_gPeravia :
_rFrancisco Gregorio Billini --
_rEncarnación Echavarría Villaseca --
_rMarcos A. Cabral -
_rAquiles Cabral Billini --
_rHéctor Incháustegui Cabral --
_rRafael Lara Cintrón --
_rManuel de Jesús Heredia y Solá --
_rMaría Trinidad Garay y Solá --
_rBenita Bernabel --
_rHéctor Pérez Reyes --
_gSan José de Ocoa :
_rPedro Pablo Fernández --
_rJuan B. Castillo Castillo --
_rDarío Tejeda --
_rRamón Tejeda Read --
_gAzua :
_rHéctor J. Díaz --
_rEulogio Cabral --
_rFrancisco Javier Amiama Gómez --
_rRafael Pérez Matos --
_rBartolomé Olegario Pérez --
_rMiguel Aníbal Perdomo --
_rRannel Báez --
_rDamarys Agramonte --
_rVirgilio López --
_rVirgilio López --
_rBernardo Silfa Bor --
_rOtto Oscar Milanese --
_rRosselys Alcántara --
_rH.B. de Castro Noboa --
505 0 _gBarahona :
_rLuis Alfredo Torres --
_rRafael Damirón --
_rFederico Cuello López --
_rAntonio da Costa Gómez --
_rRoberto Reyes --
_rJuan Matos --
_rMarino Berigüete --
_rIvelisse da Costa Gómez --
_gSan Juan :
_rMax Uribe --
_rSalvador Santana --
_rTulio Cordero --
_rMaría Antonietta Ronzino --
_rJorge Piña --
_rNicolás Mateo --
_rRoberto Sánchez --
_rGeraldo Castillo --
_rCornelio Ciprián Ogando --
_rJosé Enrique Méndez Díaz --
_rCarlos Agramonte --
_rRoberto Canario --
_rSobiesky de León --
_rOscar Peña --
_gBahoruco :
_rApolinar Perdomo --
_rAngel Hernández Acosta --
_rPedro Caro --
_rJulio Cuevas --
_rArmando A. Sosa Leyba --
_rPetra Saviñón --
_gElías Piña :
_rAntonio Acevedo --
_rRafael Emigdio Caamaño Castillo --
_rPaulino Lorenzo y Lorenzo --
_gIndependencia :
_rJulio César Dotel Pérez --
_rLoweski Medina --
_gPedernales :
_rConfesor Rosario Gil --
_gBibliografía.
590 _aInventariado, 2022/VM
650 4 _aPoesía dominicana
_xColecciones
650 4 _aLiteratura dominicana.
650 4 _aCiudades y pueblos
_vPoesías.
651 4 _aSur (República Dominicana)
_vPoesías
700 1 _aNina Martínez, Juan Bautista,
_d1959-,
_ecomp.
700 1 _aPérez, Odalís G.
_d1952-
_epról.
910 _aVMateo V.Validado
942 _2ddc
_cBK
999 _c14014
_d14014